Mathematics of relativity /

Guardado en:
Autor Principal: Rainich, G.Y.
Formato: Libro
Idioma:English
Publicado: New York : Wiley, c1950.
Series:Applied mathematics series
Etiquetas: Agregar Etiqueta
Sin Etiquetas, Sea el primero en etiquetar este registro!
LEADER 00452nam a22001575a 4500
001 MAT.inmabb000532
008 031117s1950####xxu###########001#0#eng#d
005 20130319124758.0
245 1 0 |a Mathematics of relativity /  |c G.Y. Rainich. 
260 |a New York :  |b Wiley,  |c c1950. 
300 |a vii, 173 p. ;  |c cm. 
440 0 |a Applied mathematics series 
510 4 |a MR,  |c 13,78f 
100 1 |a Rainich, G.Y. 
084 |a 83  |2 msc2000 
859 |h 83  |i R157  |p A-309  |b BIB. MATEMATICA